Films avec Sandrine Kiberlain par image - Statistiques

Statistiques générales
  • Ce quiz a été pris 38 fois
  • Le résultat moyen est 5 sur 16
Statistiques - réponses
Par images Réponse % Correct
Pupille
73%
Le Petit Nicolas
65%
Polisse
54%
Novembre
51%
9 Mois ferme
49%
Les Femmes du 6e étage
46%
Mademoiselle Chambon
35%
La Petite Vadrouille
27%
Pauline détective
24%
Un héros très discret
24%
Le Septième Ciel
22%
Les Patriotes
22%
Beur sur la ville
14%
Le Parfum vert
14%
En avoir (ou pas)
11%
Elle l'adore
8%
Aucun quiz correspondant
Distribution des résultats
% des personnes avec chaque résultat
Percentile par nombre de réponses
Votre historique - résultats
Vous n’avez pas pris ce quiz